000 01785nam0a2200313 4500
001 RU\NLR\bibl\1757796
005 20260409063430.0
010 _a978-5-370-02282-1
_94000
021 _aRU
_b2011-23146
_91636
035 _a(NLR Aleph) 001748624
090 _a1504657
_c1504657
100 _a20110412d2011 |||y0rusy50 ca
101 0 _arus
102 _aRU
105 _ay |||||||||
200 1 _aГражданский процессуальный кодекс Российской Федерации
_e[официальный текст
_eпо состоянию на 7 февраля 2011 г.
_eпринят Государственной Думой 23 октября 2002 года
_eодобрен Советом Федерации 30 октября 2002 года
_eподписан Президентом РФ 14 ноября 2002 года N° 138-ФЗ
_e(в ред. Федеральных законов от 30.06.2003 N° 86-ФЗ ... от 21.04.2010 N° 10-П)]
210 _aМосква
_cОмега-Л
_d2011
215 _a160 с.
_d20
225 1 _aКодексы Российской Федерации
604 _171001$aРоссийская Федерация
_150011$aГражданский процессуальный кодекс$2nlr_sh2$3RU\NLR\AUTH\661262192
_aРоссийская Федерация
_tГражданский процессуальный кодекс
_92086065
_3RU\NLR\AUTH\661262192
686 _aХ629.2-324.9(2Р)
740 1 _aРоссийская Федерация
_tЗаконы
_iГражданский процессуальный кодекс
_3RU\NLR\AUTH\880379477
_9425338
801 0 _aRU
_bNLR
_c20110412
_gRCR
801 1 _aRU
_bNLR
_c20110412
942 _cBOOK
980 _aNB
980 _aNBR